Words from HATE Quiz Stats

 Plays Quiz Updated Oct 12, 2018

Also try: Words from LOVE
Challenge
Share
Tweet
Embed
Score 0/26 Timer 02:00
6 Plays Today
Length Word % Correct
1A
99.2%
2Ha
98.6%
2At
97.4%
3The
96.3%
3Hat
94.6%
2He
93.2%
3Ate
85.3%
3Eat
84%
3Tea
83.7%
2Ah
82.1%
4Heat
79.8%
4That
61.9%
4Hate
57.2%
Length Word % Correct
2Eh
55.2%
2Aa
54.2%
3Tat
52.3%
3Tee
50.8%
4Teat
42.3%
3Aha
40.2%
3Eta
38.6%
4Thee
36%
4Hath
31.9%
5Heath
31.5%
5Teeth
30.1%
5Theta
10.3%
6Teethe
9.8%

You're not logged in!

Compare scores with friends on all Sporcle quizzes.
Join for Free
OR
Log In

You Might Also Like...

Show Comments

Extras

Top Quizzes Today


Score Distribution

Your Account Isn't Verified!

In order to create a playlist on Sporcle, you need to verify the email address you used during registration. Go to your Sporcle Settings to finish the process.

Report this User

Report this user for behavior that violates our Community Guidelines.

Details: